000
00244nam a2200085Ia 4500
245
0
_a
Human rights : an introduction
100
_a
O'BYRNE, Darren J. Harlow, Essex, 2003
_9
89429
942
_c
BK
008
210817s9999 xx 000 0 und d
999
_c
359880
_d
359881